000 00383 a2200157 4500
001 149794
040 _cEscola São Tomás de Aquino
100 _aTARDELLI, Camila
240 1 0 _aMoiara, filha da terra
_lpor
245 1 0 _aMoiara, filha da terra
300 _a45
362 0 _a2015
440 1 _aEditora do Brasil
697 _aFolclore / Adivinhações / Lendas
942 _cBK
999 _c149794
_d149794